000 00615nam a2200241 4500
001 2012
010 _a9789899181663
021 _aPT
_b537823/24
090 _a2012
100 _a20251126d2024 m||y0pory50030103ba
101 _apor
102 _aPT
200 _aFomos mais do que um erro
_fRaul Minh'alma
205 _a1ª edição
210 _aLisboa
_cManuscrito
_d2024
215 _a308, [9] p.
_cil.
_d24 cm
300 _aBMB-Registado
606 _9776
_aLiteratura Portuguesa
606 _9779
_aRomance
675 _a821.134.3-31
_vBMB
_zpor
700 _aMinh'Alma
_bRaul
_91535
801 _aPT
_bBMB
_gRPC
990 _cLIVROS